| 000 | 00601nam a2200277Ia 4500 | ||
|---|---|---|---|
| 001 | 117420 | ||
| 003 | YMCAF | ||
| 005 | 20230512163233.0 | ||
| 008 | 160810s2002 ||||||||||||||||| ||und|d | ||
| 020 | _a9789332550070 | ||
| 024 | _a117420 | ||
| 035 | _a45253 | ||
| 040 |
_aYMCAF _beng _cIN-KoLT |
||
| 041 | _aeng | ||
| 082 |
_a512.5 _bHOF |
||
| 100 | _aHoffman, Kenneth | ||
| 245 | 0 | _aLinear algebra | |
| 250 | _a2nd | ||
| 260 |
_aDelhi _bPHI _c2002 |
||
| 300 | _a407 | ||
| 500 | _areprint 2016 | ||
| 653 | _aAlgebra | ||
| 653 | _aMathematics | ||
| 700 | _aKunze, Ray | ||
| 942 |
_2ddc _cBK |
||
| 999 |
_c14277 _d14277 |
||